| 000 | 00546nam a2200229 a 4500 | ||
|---|---|---|---|
| 001 | nice12345678 | ||
| 003 | IN_TiNIC | ||
| 005 | 20260116011552.0 | ||
| 008 | 050524s1921 lona grp 000 0 eng | ||
| 020 |
_a _c15 |
||
| 082 | 0 | 0 |
_a305.62970951 _bAND |
| 100 | _aAndrew, G F | ||
| 245 | _aThe Crescent in North West China | ||
| 260 |
_aLondon _bNo Publisher _c1921 |
||
| 300 | _a113 | ||
| 500 | _aincludes index and biblioraphy | ||
| 650 | _aMuslims-China | ||
| 700 | 1 | _aAndrew, G F | |
| 902 | _bSRS | ||
| 942 | _cBK | ||
| 999 |
_c2664 _d2664 |
||